| 000 | 00540nam a22001817a 4500 | ||
|---|---|---|---|
| 005 | 20231113102724.0 | ||
| 008 | 231113b |||||||| |||| 00| 0 eng d | ||
| 020 | _a0702119636 | ||
| 041 | _aEnglish | ||
| 082 | _a345.5 SNY | ||
| 100 |
_aSnyman, JL en Morkel, DW _lEnglish |
||
| 245 |
_aStrafprosesreg / _cJL Snyman and DW Morkel |
||
| 250 | _aTweede Uitgawe | ||
| 260 |
_aKaapstad : _bJuta en Kie, Bpk, _c1988 |
||
| 300 |
_bxlix, 581 pages ; _c25,5 cm. |
||
| 650 |
_aLegal practice _bLaw |
||
| 942 |
_cBK _6ALISON_BN_VRIES |
||
| 999 |
_c557 _d557 |
||